| 000 | 00855nam a2200289 u 4500 | ||
|---|---|---|---|
| 001 | 000003575 | ||
| 003 | DO-SdBNP | ||
| 005 | 20220906104811.0 | ||
| 007 | ta | ||
| 008 | 090710s2002 sp r 000 0 spa d | ||
| 020 | _a8474324718 | ||
| 040 |
_aDO-SdBNP _bspa _cBNPHU |
||
| 082 | 4 |
_bC761t _222 |
|
| 245 | 0 | 0 |
_aTerapia del abuso sexual / _ccompiladores Michael Durrant y Cheryl White |
| 260 |
_aBarcelona : _bGedisa, _c2002. |
||
| 300 |
_a251 p. ; _c22 cm. |
||
| 490 | 1 | _aTerapia Familiar | |
| 500 | _aIncluye índice | ||
| 504 | _aBibliografía : p. 247-249 | ||
| 534 | _aTítulo original en inglés: ideas for therapy with sexual abuse | ||
| 590 | _aInventariado, 2022 / DG | ||
| 700 | 1 |
_aDurrant, Michael, _ecomp. _911030 |
|
| 700 | 1 |
_aWhite, Cheryl, _ecomp. _911031 |
|
| 830 | 0 |
_aTerapia Familiar _911032 |
|
| 910 | _aDG | ||
| 942 |
_2ddc _cLBS1 |
||
| 999 |
_c3399 _d3399 |
||